Samambaias e licófitas do Parque Ecológico do Gunma, município de Santa Bárbara do Pará, estado do Pará, Brasil (Registro n. 328808)
[ somente texto ]
| 000 -LÍDER | |
|---|---|
| fixed length control field | 03786nab a2200253 i 4500 |
| 003 - CÓDIGO MARC DA AGÊNCIA CATALOGADORA | |
| Campo de controle | BR-BrBNA |
| 005 - DATA E HORA DA ÚLTIMA ATUALIZAÇÃO | |
| Campo de controle | 20241125153520.0 |
| 008 - CAMPO DE TAMANHO FIXO | |
| fixed length control field | 241125b2010 bl.qr|pooa||| 00| 0 por | |
| 040 ## - FONTE DA CATALOGAÇÃO | |
| Agência catalogadora | BR-BrBNA |
| Idioma da catalogação | por |
| 072 ## - CATEGORIA AGRIS | |
| Código AGRIS | F70 |
| Código do objeto | 3373 |
| 100 ## - ENTRADA PRINCIPAL - NOME PESSOAL | |
| Nome pessoal | Costa, Jeferson Miranda |
| 100 ## - ENTRADA PRINCIPAL - NOME PESSOAL | |
| Nome pessoal | Pietrobom, Marcio Roberto |
| 245 ## - TÍTULO PRINCIPAL | |
| Título principal | Samambaias e licófitas do Parque Ecológico do Gunma, município de Santa Bárbara do Pará, estado do Pará, Brasil |
| 500 ## - NOTA GERAL | |
| Nota geral | Publicação on-line; Bibliography p. 231-232 (55 ref.); 2 tables; 1 illus.; Summaries (En, Pt) |
| 942 ## - ADDED ENTRY ELEMENTS (KOHA) | |
| Koha item type | Analítica |
| 520 ## - NOTA DE RESUMO | |
| Nota de conteúdo | <br/>Resumo<br/><br/>O Parque Ecológico do Gunma – PEG (Santa Bárbara do Pará, estado do Pará, Brasil) representa um dos<br/>poucos remanescentes florestais da região metropolitana de Belém. O PEG mantém uma rica flora fanerogâmica<br/>composta por espécies consideradas raras, mas nada se conhece a respeito de sua flora de plantas vasculares<br/>sem sementes. Assim, este trabalho teve como objetivo inventariar as espécies de samambaias e licófitas do<br/>Parque Ecológico do Gunma. No PEG foram registradas 56 espécies, distribuídas em 28 gêneros e 15 famílias.<br/>Das espécies registradas, Lellingeria suspensa (L.) A.R. Sm. & R.C. Moran foi citada pela primeira vez para<br/>o estado do Pará, e Polyphlebium diaphanum (Kunth) Ebihara & Dubuisson constituiu um novo registro para<br/>a Região Norte (Amazônia brasileira). As famílias mais representativas foram Hymenophyllaceae (15 spp.),<br/>Dryopteridaceae (8 spp.), Polypodiaceae (7 spp.) e Pteridaceae (6 spp.), e os gêneros foram Trichomanes (7<br/>spp.) e Elaphoglossum (6 spp.). A maioria das espécies apresentou hábito herbáceo (52 spp.), habitat epifítico<br/>(30 spp.) e terrestre (23 spp.), ocorreu exclusivamente nos sub-bosques (35 spp.) e apresentou distribuição<br/>americana (34 spp.). Estes resultados demonstraram a importância do Parque Ecológico do Gunma para a<br/>preservação da flora local e regional de plantas vasculares sem sementes.<br/><br/>Palavras-chave: Amazônia brasileira, florística, plantas vasculares sem sementes. |
| 520 ## - NOTA DE RESUMO | |
| Nota de conteúdo | <br/>Abstract<br/><br/>The Gunma Ecological Park – PEG (Santa Bárbara do Pará, Pará state, Brazil) is one of the few preserved forest<br/>remnants in the metropolitan region of Belém. The PEG has a rich phanerogamic flora with rare species, but<br/>nothing is known about its seedless vascular-plant flora. Our aim is to present a floristic survey of ferns and<br/>lycophytes from Gunma Ecological Park. The 56 recorded species belong to 28 genera and 15 families. This is the<br/>first record for Lellingeria suspensa (L.) A.R. Sm. & R.C. Moran in Pará state and also for Polyphlebium<br/>diaphanum (Kunth) Ebihara & Dubuisson in the Brazilian Amazon. The richest families were Hymenophyllaceae<br/>(15 spp.), Dryopteridaceae (8 spp.), Polypodiaceae (7 spp.) and Pteridaceae (6 spp.). The genera with highest<br/>number of species were Trichomanes (7 spp.) and Elaphoglossum (6 spp.). The majority of the species were<br/>herbaceous (52 spp.), with epiphytic (30 spp.) and terrestrial (23 spp.) habitat, occurred exclusively in the<br/>understory (35 spp.) and presented American distribution (34 spp.). This result demonstrates the importance of<br/>Gunma Ecological Park for local/regional seedless vascular-plant flora preservation.<br/><br/>Key words: Brazilian Amazon, floristic, seedless vascular plants. |
| 650 ## - ASSUNTO - THESAGRO | |
| Cabeçalho tópico ou nome geográfico | AMAZÔNIA BRASILEIRA |
| 650 ## - ASSUNTO - THESAGRO | |
| Cabeçalho tópico ou nome geográfico | COMPOSIÇÃO BOTÂNICA |
| 650 ## - ASSUNTO - THESAGRO | |
| Cabeçalho tópico ou nome geográfico | SAMAMBAIA |
| 773 0# - ENTRADA ANALÍTICA | |
| Host Biblionumber | 709 |
| Registro do item | 346668 |
| Imprenta | Rio de Janeiro-RJ Jardim Botanico do Rio de Janeiro 1935 |
| Outro identificador | 2024-7379 |
| Título | Rodriguésia (Brazil) |
| ISSN | 0370-6583; 2175-7860 on-line |
| Colação | v. 61(2) p. 223-232; (2010) |
| Número de controle de registro | BR2024003659 |
| 856 ## - ACESSO E ENDEREÇO ELETRÔNICO | |
| Identificador uniforme de recurso - URI | https://www.scielo.br/j/rod/a/K85Y6rbykSDNfs3NPFPkNWf/?format=pdf&lang=pt |
Nenhum exemplar disponível.

BINAGRI